000 00576nam a2200181Ia 4500
005 20250508154048.0
008 008 250505s9999 xx 000 0 eng d
037 _aTextual
040 _aFEDL
_beng
_cFEDL
041 _aeng
_2eng
084 _a371.426943, GER
_qFEDL
245 0 _aPolytechnische bildung und erziehung in der deutshen demokratischen republik
245 0 _cPolytechnical Instruction And Education In The German Democratic Republic
260 _c1962
300 _a111p.
942 _cTEXL
_h371.426943, GER
999 _c1347377
_d1347377